Lead Singers to Band 4 - Click - Statistics

General Stats
  • This quiz has been taken 196 times
  • The average score is 11 of 26
Answer Stats
Hint Answer % Correct
Culture Club Boy George
76%
Evanescence Amy Lee
73%
Van Halen (OG) David Lee Roth
68%
The Crickets Buddy Holly
61%
Blur Damon Albarn
61%
INXS Michael Hutchence
59%
Megadeth Dave Mustaine
57%
Van Halen (Post 1984) Sammy Hagar
53%
Rush Geddy Lee
48%
Alice in Chains Layne Staley
48%
Poison Bret Michaels
46%
Korn Jonathan Davis
46%
Whitesnake / Deep Purple David Coverdale
43%
Deep Purple Ian Gillian
42%
Def Leppard Joe Elliott
41%
Fall Out Boy Patrick Stump
37%
Deftones Chino Moreno
36%
Tool Maynard James Keenan
35%
Faith No More Mike Patton
34%
Goo Goo Dolls John Rzeznik
32%
Twenty One Pilots Tyler Joseph
32%
Smash Mouth Steve Harwell
27%
Falling In Reverse Ronnie Radke
24%
LCD Soundsystem James Murphy
22%
Wilco Jeff Tweedy
21%
my bloody valentine Kevin Shields
20%
No matching quizzes found
Score Distribution
Percent of People with Each Score
Percentile by Number Answered
Your Score History
You have not taken this quiz